New Treands in Teaching and Learning (Record no. 240103)

MARC details
000 -LEADER
fixed length control field 00388nam a2200145Ia 4500
005 - DATE AND TIME OF LATEST TRANSACTION
control field 20250729165805.0
008 - FIXED-LENGTH DATA ELEMENTS--GENERAL INFORMATION
fixed length control field 250729s2017 xx 000 0 und d
041 ## - LANGUAGE CODE
Language code of text/sound track or separate title eng
082 ## - DEWEY DECIMAL CLASSIFICATION NUMBER
Classification number 370.25 SATN
100 ## - MAIN ENTRY--PERSONAL NAME
Personal name Dr.Satish S Satav
9 (RLIN) 233081
245 ## - TITLE STATEMENT
Title New Treands in Teaching and Learning
260 ## - PUBLICATION, DISTRIBUTION, ETC.
Place of publication, distribution, etc. New Delhi
Name of publisher, distributor, etc. Ishika Publishing
Date of publication, distribution, etc. 2017
300 ## - PHYSICAL DESCRIPTION
Extent 310p
650 ## - SUBJECT ADDED ENTRY--TOPICAL TERM
Topical term or geographic name entry element Education
9 (RLIN) 233082
Holdings
Withdrawn status Lost status Damaged status Not for loan Home library Current library Date acquired Source of acquisition Total Checkouts Full call number Barcode Date last seen Price effective from Koha item type
        St Aloysius Library St Aloysius Library 07/29/2025 Management Book   370.25 SATN BED05422 07/29/2025 07/29/2025 Book